| 000 | 00484nam a2200205Ia 4500 | ||
|---|---|---|---|
| 003 | OSt | ||
| 005 | 20230509085733.0 | ||
| 008 | 210423s2007 xx 000 0 und d | ||
| 020 | _a100763739057 | ||
| 040 | _cAL | ||
| 041 | _aeng | ||
| 082 | _a574.88 LEWB | ||
| 100 |
_aLEWIN (Benjamin);others. _9100149 |
||
| 245 | _aCells. | ||
| 260 |
_aLondon _bJones & Bartlett Publishers _c2007 |
||
| 300 |
_axviii,863 _bHB |
||
| 365 |
_b2299 _cINR |
||
| 906 | _aCells. | ||
| 942 |
_2ddc _cBK |
||
| 999 |
_c163498 _d163498 |
||